[Event "ch-FRA Blitz Online Qual"]
[Site "Europe-Chess INT"]
[Date "2020.05.16"]
[Round "13"]
[White "Villeneuve, Robin"]
[Black "Labrande, Theodore"]
[Result "0-1"]
[WhiteElo "1662"]
[BlackElo "2077"]
[WhiteFideId "45100608"]
[BlackFideId "36045780"]
[EventDate "2020.05.16"]

1. e4 c5 2. d4 cxd4 3. c3 Nf6 4. e5 Nd5 5. cxd4 Nc6 6. Nf3 e6 7. Bc4 d6 8. Bxd5
exd5 9. Nc3 dxe5 10. dxe5 d4 11. Ne2 Bg4 12. Nexd4 Bb4+ 13. Bd2 Nxd4 14. Bxb4
Nxf3+ 15. gxf3 Qxd1+ 16. Rxd1 Bxf3 17. Kd2 O-O-O+ 18. Kc2 Rxd1 19. Rxd1 Bxd1+
20. Kxd1 Re8 21. Bc3 g6 22. f4 Kd7 23. Ke2 Ke6 24. Kf3 Kf5 25. h3 h5 26. a3 Rd8
27. Ke3 Rd1 28. Bd4 a6 29. Bc3 Rh1 30. Kf2 Rxh3 31. Kg2 Rxc3 32. bxc3 Kxf4 33.
e6 fxe6 34. Kf2 e5 35. Ke2 e4 36. c4 h4 37. Kf2 h3 38. Kg1 e3 39. Kf1 h2 40. Kg2
e2 41. Kxh2 e1=Q 42. Kh3 Qg3# 0-1

[Event "ch-FRA Blitz Online Qual"]
[Site "Europe-Chess INT"]
[Date "2020.05.16"]
[Round "13"]
[White "Saba, Nathalie"]
[Black "Maccagnan, Tomas"]
[Result "1-0"]
[WhiteElo "1626"]
[BlackElo "1968"]
[WhiteFideId "26095939"]
[BlackFideId "26091763"]
[EventDate "2020.05.16"]

1. e4 e6 2. d4 d5 3. Nd2 Nf6 4. e5 Nfd7 5. Bd3 c5 6. c3 Nc6 7. Ne2 cxd4 8. cxd4
f6 9. exf6 Nxf6 10. O-O Bd6 11. Nf3 O-O 12. a3 Qc7 13. Ng3 Bd7 14. Bc2 Be8 15.
Re1 Bf7 16. Ng5 Rae8 17. Nxf7 Rxf7 18. Bg5 Rff8 19. Qd3 g6 20. Rac1 Nh5 21. Nxh5
gxh5 22. g3 Qf7 23. Qe3 Qg7 24. Bh6 Qxd4 25. Bxf8 Kxf8 26. Qh6+ Qg7 27. Rxe6
Qxh6 28. Rxh6 Be5 29. Rxh7 Bxb2 30. Rb1 Bf6 31. Rbxb7 Nd4 32. Rhf7+ Kg8 33. Bh7+
Kh8 34. Rxf6 1-0

[Event "ch-FRA Blitz Online Qual"]
[Site "Europe-Chess INT"]
[Date "2020.05.16"]
[Round "13"]
[White "Morais, Thomas"]
[Black "Monnot, Leo"]
[Result "0-1"]
[WhiteElo "1710"]
[BlackElo "1964"]
[WhiteFideId "36034703"]
[BlackFideId "26093103"]
[EventDate "2020.05.16"]

1. e4 e5 2. Nf3 Nc6 3. d4 exd4 4. Bc4 Nf6 5. e5 d5 6. Bb5 Ne4 7. Nxd4 Bd7 8.
Bxc6 bxc6 9. O-O Bc5 10. Be3 O-O 11. Nd2 Nxd2 12. Qxd2 Bb6 13. Nb3 f6 14. exf6
Qxf6 15. Nc5 Bf5 16. c3 Rae8 17. Bd4 Qd6 18. Nb3 c5 19. Be3 Be4 20. f3 Bg6 21.
Rad1 c4 22. Nd4 a6 23. Kh1 c5 24. Nc2 Bxc2 25. Bxc5 Qxc5 26. Qxc2 Re3 27. Rfe1
Rfe8 28. Rxe3 Qxe3 29. h3 Qf2 30. Qxf2 Bxf2 31. Rxd5 Bg3 32. Rd1 Re2 33. Rb1 a5
34. b3 Rxa2 35. bxc4 Kf7 36. Rc1 Ke6 37. Kg1 Kd6 38. Kf1 Kc5 39. Rd1 Kxc4 40.
Rd7 Ra1+ 41. Ke2 Ra2+ 42. Kf1 Kxc3 43. Rxg7 Ra1+ 44. Ke2 Re1# 0-1

[Event "ch-FRA Blitz Online Qual"]
[Site "Europe-Chess INT"]
[Date "2020.05.16"]
[Round "13"]
[White "Burgalat, Eliot"]
[Black "Vie, Maxence"]
[Result "1-0"]
[WhiteElo "1963"]
[BlackElo "1648"]
[WhiteFideId "36068659"]
[BlackFideId "45150168"]
[EventDate "2020.05.16"]

1. Nf3 g6 2. d4 Bg7 3. c4 f5 4. Nc3 Nf6 5. g3 O-O 6. Bg2 d6 7. O-O c6 8. b3 h6
9. Bb2 Be6 10. Re1 Bf7 11. e4 fxe4 12. Nxe4 Qc7 13. Qd2 g5 14. Rad1 Nbd7 15.
Nxf6+ Nxf6 16. Qe2 Rae8 17. a3 Bg6 18. c5 dxc5 19. dxc5 Kh7 20. Ne5 Bf5 21. h3
Nd5 22. Bxd5 cxd5 23. Rxd5 e6 24. Rd7 Qxc5 25. Rxg7+ Kxg7 26. Nd7+ Kg8 27. Nxc5
Bxh3 28. Qe5 Re7 29. Ne4 Kf7 30. Nd6+ Kg6 31. Kh2 Bg4 32. f4 gxf4 33. gxf4 Bf5
34. Rg1+ Kh5 35. Qe2+ Kh4 36. Nxf5+ exf5 37. Qxe7+ Kh5 38. Qe2+ 1-0

[Event "ch-FRA Blitz Online Qual"]
[Site "Europe-Chess INT"]
[Date "2020.05.16"]
[Round "13"]
[White "Boulos, Carlos"]
[Black "Sithisak, William"]
[Result "1-0"]
[WhiteElo "2147"]
[BlackElo "1692"]
[WhiteFideId "5302749"]
[BlackFideId "45120749"]
[EventDate "2020.05.16"]

1. e4 c5 2. Nf3 Nc6 3. Bb5 g6 4. O-O Bg7 5. c3 e6 6. d4 cxd4 7. cxd4 d5 8. e5
Ne7 9. Bg5 O-O 10. Qd2 Qb6 11. Nc3 Nf5 12. Rad1 a6 13. Bxc6 Qxc6 14. g4 h6 15.
gxf5 hxg5 16. f6 Bh6 17. Nxg5 b5 18. f4 Bd7 19. Rf3 Bxg5 20. fxg5 b4 21. Ne2 Qc4
22. b3 Qb5 23. Rh3 Rac8 24. Qe1 Rc3 25. Nxc3 bxc3 26. Qh4 Qf1+ 27. Rxf1 Bb5 28.
Qh7# 1-0

[Event "ch-FRA Blitz Online Qual"]
[Site "Europe-Chess INT"]
[Date "2020.05.16"]
[Round "13"]
[White "Reuillon, Hadrien"]
[Black "Zienkiewicz, Jan"]
[Result "0-1"]
[WhiteElo "1817"]
[BlackElo "1914"]
[WhiteFideId "45133972"]
[BlackFideId "45116768"]
[EventDate "2020.05.16"]

1. e4 c5 2. c3 g6 3. d4 cxd4 4. cxd4 d5 5. e5 Bg7 6. Be3 Nc6 7. Qd2 Bf5 8. Nc3
e6 9. O-O-O a6 10. h4 h5 11. f3 Rc8 12. Bd3 Bxd3 13. Qxd3 Qa5 14. Kb1 Nb4 15.
Qd2 Ne7 16. g4 b5 17. Nge2 Rc7 18. a3 Nbc6 19. Na2 Qb6 20. Rc1 a5 21. Rc5 hxg4
22. fxg4 Kd7 23. h5 gxh5 24. gxh5 Nf5 25. Nac3 Nxe5 26. Rxc7+ Kxc7 27. dxe5 Nxe3
28. Nxb5+ Kd7 29. Qd4 Qxb5 30. Qxe3 Rb8 31. Qd2 Bxe5 32. Nc3 Qb3 33. h6 Bxc3 34.
Qxc3 Qxc3 35. Rh2 Qd3+ 36. Ka2 Qd4 37. h7 e5 38. h8=Q Rxh8 39. Rxh8 e4 40. Rh7
Ke7 41. Rh3 e3 42. Rh2 Qe4 43. Rh4 Qxh4 0-1

[Event "ch-FRA Blitz Online Qual"]
[Site "Europe-Chess INT"]
[Date "2020.05.16"]
[Round "13"]
[White "Labelle, Ambroise"]
[Black "Menjra, Yanis"]
[Result "0-1"]
[WhiteElo "1952"]
[BlackElo "1489"]
[WhiteFideId "26092050"]
[BlackFideId "45155500"]
[EventDate "2020.05.16"]

1. e4 e5 2. Nf3 Nc6 3. Bc4 Bc5 4. d3 Nf6 5. O-O d6 6. c3 a6 7. Bb3 Ba7 8. Nbd2
O-O 9. h3 h6 10. Re1 Be6 11. Bc2 Ne7 12. Nf1 c5 13. Ng3 Ng6 14. d4 cxd4 15. cxd4
Rc8 16. Nf5 Bxf5 17. exf5 Ne7 18. dxe5 dxe5 19. Nxe5 Qxd1 20. Bxd1 Nxf5 21. Bf4
Rfe8 22. Bf3 Rc2 23. Rf1 Rxb2 24. Rab1 Rxb1 25. Rxb1 b5 26. Bb7 Bb8 27. Nd3 Bxf4
28. Nxf4 g5 29. Nd3 Rd8 30. Nc5 Rd6 31. Bxa6 Nd4 32. Rb4 Rc6 33. Rxd4 Rxc5 34.
Rb4 Rc1+ 35. Kh2 Rc2 36. Bxb5 Rxa2 37. f3 Nh5 38. Bf1 Nf4 39. Kg3 Kg7 40. Rb7
Kg6 41. h4 Ra1 42. Bc4 Nh5+ 43. Kh2 gxh4 44. Bxf7+ Kg5 45. Rb5+ Kf6 46. Bxh5 Ra2
47. Bg4 Kg6 48. Kh3 Ra1 49. Rd5 Rh1# 0-1

[Event "ch-FRA Blitz Online Qual"]
[Site "Europe-Chess INT"]
[Date "2020.05.16"]
[Round "13"]
[White "Joly, Julien"]
[Black "Bag, Ayoub"]
[Result "1-0"]
[WhiteElo "2188"]
[BlackElo "1467"]
[WhiteFideId "26082284"]
[BlackFideId "551012308"]
[EventDate "2020.05.16"]

1. e4 e6 2. Nc3 d5 3. Nf3 dxe4 4. Nxe4 Nd7 5. d4 Ngf6 6. Ng3 Be7 7. Bd3 O-O 8.
c4 c5 9. Be3 b6 10. O-O Bb7 11. Bc2 cxd4 12. Bxd4 Nc5 13. Ne5 Ncd7 14. Ng4 Nxg4
15. Qxg4 Nf6 16. Qh4 h6 17. Rad1 Qc7 18. Rfe1 Rad8 19. Be5 Qc6 20. f3 Qc5+ 21.
Kh1 Ne4 22. Nxe4 Bxh4 23. Nxc5 Bxe1 24. Nxb7 Rxd1 25. Bxd1 Rc8 26. b3 b5 27. Nd6
Rd8 28. c5 f6 29. Bd4 e5 30. Be3 Bb4 31. Be2 a6 32. a4 bxa4 33. bxa4 a5 34. Bc4+
Kf8 35. h4 Ke7 36. Kh2 g5 37. hxg5 hxg5 38. Kg3 Rh8 39. Nf5+ Kd7 40. Nd6 Kc6 41.
Ne4 Rb8 42. Bb5+ Kc7 43. Nxf6 Rd8 44. Bxg5 Bxc5 45. Ne4 Rg8 46. Kg4 Kb6 47. Kf5
Bd4 48. Nf6 Rf8 49. Kg6 e4 50. Nd7+ Kc7 51. Nxf8 e3 52. Bxe3 Bxe3 53. g4 Kb6 54.
Kf5 Kc5 55. Ne6+ Kb4 56. g5 Bxg5 57. Kxg5 Ka3 58. f4 Kb4 59. f5 Ka3 60. f6 Ka2
61. f7 Ka1 62. f8=Q Ka2 63. Qf2+ Ka1 64. Bc4 Kb1 65. Nd4 Ka1 66. Qe1+ Kb2 67.
Qd2+ Ka1 68. Qc1# 1-0

[Event "ch-FRA Blitz Online Qual"]
[Site "Europe-Chess INT"]
[Date "2020.05.16"]
[Round "13"]
[White "Paralieu, Maxime"]
[Black "Babaud, Antoine"]
[Result "0-1"]
[WhiteElo "1569"]
[BlackElo "1943"]
[WhiteFideId "45154171"]
[BlackFideId "45185484"]
[EventDate "2020.05.16"]

1. d4 Nf6 2. c4 g6 3. Nc3 Bg7 4. e4 d6 5. Bd3 O-O 6. Nge2 e5 7. d5 a5 8. O-O Na6
9. f4 exf4 10. Nxf4 Nc5 11. Bc2 Bg4 12. Qe1 Re8 13. h3 Bf5 14. Be3 Ncxe4 15. Qc1
Nxc3 16. Bxf5 Nce4 17. Bxe4 Nxe4 18. Nd3 Ng3 19. Rf2 Nf5 20. Bd2 Bd4 0-1

[Event "ch-FRA Blitz Online Qual"]
[Site "Europe-Chess INT"]
[Date "2020.05.16"]
[Round "13"]
[White "Zniber, Reda"]
[Black "Oumer, Walid"]
[Result "1-0"]
[WhiteElo "1986"]
[BlackElo "1365"]
[WhiteFideId "36054224"]
[BlackFideId "551016630"]
[EventDate "2020.05.16"]

1. c4 Nf6 2. g3 g6 3. Bg2 Bg7 4. Nc3 O-O 5. d3 d6 6. Bg5 Nbd7 7. Qd2 h6 8. Bxh6
e5 9. h4 Bxh6 10. Qxh6 Ng4 11. Qd2 f5 12. h5 g5 13. Nf3 f4 14. gxf4 gxf4 15. Bh3
Ndf6 16. Rg1 Kh8 17. Ne4 Nxe4 18. dxe4 Rg8 19. Bxg4 Rxg4 20. Rxg4 Bxg4 21. O-O-O
a5 22. c5 Qc8 23. cxd6 cxd6+ 24. Kb1 Ra6 25. Ng5 b5 26. Nf7+ Kh7 27. Nxd6 Qc6 1-0

[Event "ch-FRA Blitz Online Qual"]
[Site "Europe-Chess INT"]
[Date "2020.05.16"]
[Round "13"]
[White "Ciarletta, Iris"]
[Black "Haberthur, Maxime"]
[Result "0-1"]
[WhiteElo "1493"]
[BlackElo "1941"]
[WhiteFideId "45133263"]
[BlackFideId "36097551"]
[EventDate "2020.05.16"]

1. d4 d5 2. c4 c6 3. Nc3 Nf6 4. Bg5 Ne4 5. Nxe4 dxe4 6. e3 Qa5+ 7. Qd2 Qxg5 8.
g3 Bf5 9. Bg2 e6 10. Ne2 Bd6 11. O-O O-O 12. d5 cxd5 13. cxd5 Rd8 14. dxe6 Bxe6
15. Rfd1 Nc6 16. Bxe4 Bxg3 17. Qe1 Bxh2+ 18. Kxh2 Qh4+ 19. Kg1 Qxe4 20. Rxd8+
Rxd8 21. Rd1 Bd5 22. Nf4 Qh1# 0-1

[Event "ch-FRA Blitz Online Qual"]
[Site "Europe-Chess INT"]
[Date "2020.05.16"]
[Round "13"]
[White "Baudouin, Simon"]
[Black "Nicot, Valentin"]
[Result "1-0"]
[WhiteElo "1926"]
[BlackElo "1041"]
[WhiteFideId "36051284"]
[BlackFideId "651002477"]
[EventDate "2020.05.16"]

1. c4 e5 2. g3 Nf6 3. Bg2 c6 4. d4 exd4 5. Qxd4 c5 6. Qd3 Nc6 7. Nc3 Nb4 8. Qd1
Be7 9. a3 Nc6 10. Nf3 O-O 11. O-O d6 12. e4 Be6 13. Nd5 Rc8 14. Re1 Bd7 15. Bf4
Nxd5 16. exd5 Na5 17. Qd3 a6 18. Rac1 b5 19. b4 cxb4 20. axb4 Nb7 21. cxb5 Bxb5
22. Qe3 Re8 23. Rxc8 Qxc8 24. Qb6 Qd7 25. Nd4 Bf6 26. Rxe8+ Qxe8 27. h4 Qe1+ 28.
Kh2 Qxb4 29. Qxb7 Qc5 30. Qa8+ Be8 31. Qxe8# 1-0

[Event "ch-FRA Blitz Online Qual"]
[Site "Europe-Chess INT"]
[Date "2020.05.16"]
[Round "13"]
[White "Durand-Le Ludec, Brendan-Budok"]
[Black "Hasseine, Madiane"]
[Result "0-1"]
[WhiteElo "2205"]
[BlackElo "2157"]
[WhiteFideId "26064340"]
[BlackFideId "45180482"]
[EventDate "2020.05.16"]

1. e4 c5 2. Nf3 Nc6 3. d4 cxd4 4. Nxd4 e5 5. Nb5 d6 6. c4 Be7 7. Be2 Nf6 8. O-O
O-O 9. N1c3 a6 10. Na3 Be6 11. Be3 Nd7 12. Nd5 Nc5 13. f3 Bg5 14. Bf2 a5 15. Nb5
Kh8 16. b3 f5 17. exf5 Bxf5 18. Ne3 Bd7 19. Qxd6 Rf6 20. Qxc5 Rg6 21. Rad1 Be7
22. Nd6 Qf8 23. Nd5 Bxd6 24. Qb6 Nd4 25. Rfe1 Nxe2+ 26. Rxe2 Qxf3 27. Bg3 Qxe2
28. Re1 Qd2 29. Qxb7 Rf8 30. Qxd7 Rxg3 31. hxg3 Qxe1+ 32. Kh2 Bc5 33. Ne7 Qg1+
34. Kh3 Bxe7 35. Qxe7 Qh1+ 36. Kg4 Qf1 37. Qxe5 Qf6 38. Qc5 Qe6+ 39. Kh4 Qh6+
40. Kg4 Qf6 41. a4 Re8 42. Kh3 Qh6+ 43. Kg4 Qe6+ 44. Kf3 Qe2+ 45. Kf4 h6 46. g4
Qe7 47. Kf3 Qxc5 0-1

[Event "ch-FRA Blitz Online Qual"]
[Site "Europe-Chess INT"]
[Date "2020.05.16"]
[Round "13"]
[White "Chabradze, Boris"]
[Black "Martinez, Felicien"]
[Result "1-0"]
[WhiteElo "2101"]
[BlackElo "1867"]
[WhiteFideId "13603019"]
[BlackFideId "45141207"]
[EventDate "2020.05.16"]

1. e4 e6 2. Nc3 d5 3. Nf3 Nc6 4. exd5 exd5 5. d4 Nf6 6. Bg5 Be7 7. Qd2 Bf5 8.
O-O-O Nb4 9. Bd3 Nxd3+ 10. cxd3 O-O 11. Ne5 a5 12. f3 a4 13. g4 Bg6 14. h4 a3
15. b3 h6 16. Bxh6 gxh6 17. Qxh6 Qe8 18. h5 Bh7 19. g5 Nd7 20. g6 fxg6 21. hxg6
Bg5+ 22. Qxg5 Bxg6 23. Nxg6 Rf7 24. Ne7+ Kf8 25. Rh8# 1-0

[Event "ch-FRA Blitz Online Qual"]
[Site "Europe-Chess INT"]
[Date "2020.05.16"]
[Round "13"]
[White "Kovacs, Klara"]
[Black "Ludwiczak, Virginie"]
[Result "1-0"]
[WhiteTitle "WIM"]
[WhiteElo "2154"]
[BlackElo "1875"]
[WhiteFideId "733210"]
[BlackFideId "20655592"]
[EventDate "2020.05.16"]

1. Nf3 d5 2. g3 c5 3. Bg2 Nc6 4. O-O Nf6 5. c4 d4 6. d3 e5 7. e3 Bd6 8. exd4
cxd4 9. a3 a5 10. Re1 O-O 11. Bg5 Bg4 12. Nbd2 h6 13. Bxf6 Qxf6 14. Ne4 Qe7 15.
Rc1 Bc7 16. c5 f5 17. Ned2 Rad8 18. Qb3+ Kh7 19. Qxb7 Nb8 20. Nxe5 Bh5 21. Nc6
Qd7 22. Nxd8 Qxd8 23. Nc4 Nd7 24. Nd6 Bg6 25. Nb5 Bb8 26. c6 Ne5 27. c7 Bxc7 28.
Qxc7 Nxd3 29. Qxd8 Rxd8 30. Red1 Nxc1 31. Rxc1 f4 32. Bf3 d3 33. Nc3 d2 34. Ra1
fxg3 35. hxg3 Bc2 36. Kg2 g6 37. b4 axb4 38. axb4 Rb8 39. b5 Rd8 40. b6 Rc8 41.
b7 1-0

[Event "ch-FRA Blitz Online Qual"]
[Site "Europe-Chess INT"]
[Date "2020.05.16"]
[Round "13"]
[White "Fournier, Loic"]
[Black "Auder, Benjamin"]
[Result "1-0"]
[WhiteElo "2116"]
[BlackElo "1934"]
[WhiteFideId "36013463"]
[BlackFideId "635065"]
[EventDate "2020.05.16"]

1. d4 Nc6 2. Nf3 d6 3. h3 e5 4. c3 Bf5 5. Bg5 Be7 6. Bxe7 Qxe7 7. d5 Nd8 8. e4
Bd7 9. Qc2 Nf6 10. Nbd2 O-O 11. Bd3 Nh5 12. g3 c5 13. dxc6 bxc6 14. O-O-O Be6
15. Nc4 f6 16. b3 Nb7 17. Be2 g6 18. Ne3 Rfd8 19. Nd2 Ng7 20. h4 d5 21. h5 d4
22. Nec4 g5 23. h6 Ne8 24. f4 Ned6 25. fxe5 Nxc4 26. Nxc4 fxe5 27. Nxe5 Qc5 28.
Nc4 Na5 29. cxd4 Qb4 30. Nxa5 Qxa5 31. Bc4 Re8 32. d5 cxd5 33. exd5 Bf7 34. Qb2
Qb6 35. Qg7# 1-0

[Event "ch-FRA Blitz Online Qual"]
[Site "Europe-Chess INT"]
[Date "2020.05.16"]
[Round "13"]
[White "Lauferon, Augustin"]
[Black "Dumas, Charles"]
[Result "1-0"]
[WhiteElo "1865"]
[BlackElo "2284"]
[WhiteFideId "20655177"]
[BlackFideId "675733"]
[EventDate "2020.05.16"]

1. e4 c5 2. Nf3 Nc6 3. c4 d6 4. Nc3 g6 5. d4 cxd4 6. Nxd4 Bg7 7. Be3 Nf6 8. Be2
O-O 9. O-O Bd7 10. Rc1 Rc8 11. b3 a6 12. f3 Be8 13. Qd2 Nd7 14. Nxc6 bxc6 15.
Rfd1 Qc7 16. Kh1 f5 17. Bh6 Nc5 18. Bxg7 Kxg7 19. exf5 Rxf5 20. Qd4+ Kg8 21. Ne4
Nxe4 22. Qxe4 Bf7 23. Bd3 Re5 24. Qh4 c5 25. Be4 Rh5 26. Qg3 Qd7 27. Rd2 Rf8 28.
Rcd1 Be6 29. Bxg6 hxg6 30. Qxg6+ Kh8 31. Qxh5+ Kg8 32. Re2 Rf6 33. Re4 Bf5 34.
Rh4 e5 35. Qg5+ Kf7 36. Rh6 Rxh6 37. Qxh6 Bg6 38. f4 e4 39. Qg5 e3 40. Qd5+ Ke7
41. Re1 1-0

[Event "ch-FRA Blitz Online Qual"]
[Site "Europe-Chess INT"]
[Date "2020.05.16"]
[Round "13"]
[White "Dijoux, Julien"]
[Black "Richard, Emma"]
[Result "0-1"]
[BlackTitle "WFM"]
[WhiteElo "1862"]
[BlackElo "2160"]
[WhiteFideId "666483"]
[BlackFideId "657590"]
[EventDate "2020.05.16"]

1. d4 Nf6 2. Nf3 d6 3. g3 g6 4. Bg2 Bg7 5. O-O O-O 6. b3 c6 7. Bb2 Qc7 8. Nbd2
Nbd7 9. e4 e5 10. c3 Re8 11. Qc2 b6 12. a4 Bb7 13. Rfe1 Rad8 14. Rad1 Nf8 15.
dxe5 dxe5 16. Nc4 N6d7 17. Nd6 Re6 18. Ba3 c5 19. Nxb7 Qxb7 20. Qd3 Ree8 21. Qb5
a6 22. Qc4 Ne6 23. Qd5 Qc8 24. Qc4 Qb8 25. Bc1 b5 26. axb5 axb5 27. Qe2 b4 28.
c4 Nd4 29. Nxd4 cxd4 30. f4 Nc5 31. Qb2 exf4 32. Bxf4 Qb6 33. Rf1 d3 34. Rf2
Bxb2 0-1

[Event "ch-FRA Blitz Online Qual"]
[Site "Europe-Chess INT"]
[Date "2020.05.16"]
[Round "13"]
[White "Vine, Thibaut"]
[Black "Pottier, Simeon"]
[Result "0-1"]
[WhiteElo "1837"]
[BlackElo "2186"]
[WhiteFideId "20654227"]
[BlackFideId "26069296"]
[EventDate "2020.05.16"]

1. e4 c5 2. Nc3 Nc6 3. f4 g6 4. Nf3 Bg7 5. d3 e6 6. g3 Nge7 7. Bg2 O-O 8. O-O d6
9. Ne2 b5 10. c3 b4 11. Kh1 a5 12. d4 cxd4 13. cxd4 d5 14. e5 h5 15. h3 Ba6 16.
Be3 Nf5 17. Qd2 Bxe2 18. Qxe2 Nxg3+ 0-1

[Event "ch-FRA Blitz Online Qual"]
[Site "Europe-Chess INT"]
[Date "2020.05.16"]
[Round "13"]
[White "Mallevaey, Guillaume"]
[Black "Sobry, Sebastien"]
[Result "0-1"]
[WhiteElo "1823"]
[BlackElo "2034"]
[WhiteFideId "26026120"]
[BlackFideId "622516"]
[EventDate "2020.05.16"]

1. e4 c5 2. d4 cxd4 3. c3 dxc3 4. Nxc3 Nc6 5. Nf3 e6 6. Bc4 a6 7. O-O b5 8. Bb3
Nge7 9. Qe2 Ng6 10. h4 Nxh4 11. Nxh4 Qxh4 12. Be3 Bb4 13. a4 Bd6 14. f4 b4 15.
Nd1 Na5 16. Bc2 O-O 17. Rf3 f5 18. Rh3 Qg4 19. Qd3 Bb8 20. Nf2 Qg6 21. exf5 exf5
22. Qd5+ Qe6 23. Qxa5 Bb7 24. Re1 Ba7 25. Bd2 Qc6 26. Bb3+ Kh8 27. Rg3 Rae8 28.
Rxe8 Rxe8 29. Qxf5 Bd4 30. Bc2 g6 31. Qd3 Qc5 0-1

[Event "ch-FRA Blitz Online Qual"]
[Site "Europe-Chess INT"]
[Date "2020.05.16"]
[Round "13"]
[White "Mekhane, Adam"]
[Black "Vallee, Louis"]
[Result "1-0"]
[WhiteElo "2013"]
[BlackElo "1864"]
[WhiteFideId "36050601"]
[BlackFideId "45103291"]
[EventDate "2020.05.16"]

1. e4 e5 2. Nf3 Nc6 3. Bb5 a6 4. Ba4 Nf6 5. O-O Be7 6. Bxc6 dxc6 7. d3 Bd6 8.
Nbd2 Bg4 9. h3 Bh5 10. Nc4 Qd7 11. Bg5 h6 12. Bh4 Qe6 13. Bg3 O-O-O 14. Nxd6+
Qxd6 15. Qe2 g5 16. Qe3 Nd7 17. Qa7 Bxf3 18. gxf3 h5 19. Rad1 c5 20. c3 Qf6 21.
d4 cxd4 22. cxd4 Qxf3 23. Bxe5 Nxe5 24. Qa8+ Kd7 25. dxe5+ Ke7 26. Rxd8 Rxd8 27.
Qxb7 Qxh3 28. Qxc7+ Ke8 29. Qc3 Qxc3 30. bxc3 Rd2 31. Rb1 Rxa2 32. Rb7 Rc2 33.
Ra7 Rxc3 34. Rxa6 Rc5 35. e6 Re5 36. exf7+ Kxf7 37. f3 g4 38. Kf2 gxf3 39. Kxf3
Re6 40. Ra5 Kg6 41. Kf4 h4 42. Ra8 Rf6+ 43. Kg4 Re6 44. Ra4 Re5 45. Kxh4 Kf6 46.
Kg4 Ke6 47. Kf4 Kf6 48. Ra6+ Re6 49. e5+ Ke7 50. Ra7+ Ke8 51. Kf5 Rb6 52. Rh7
Kf8 53. Rd7 Ke8 54. Rd4 Kf8 55. Rf4 Ke8 56. Rg4 Ra6 57. Kg5 Kf8 58. Rf4+ Ke8 59.
Rf6 Ra5 60. Kf5 Ra7 61. Rh6 Ra5 62. Kf6 Ra6+ 63. e6 Kd8 64. Rh8+ Kc7 65. Kf7 Ra1
66. e7 Rf1+ 67. Ke8 Kd6 68. Rf8 Re1 69. Rf6+ Ke5 70. Kf7 Kd5 71. e8=Q Rxe8 72.
Kxe8 Ke5 73. Kf7 Kd5 74. Rh6 Ke5 75. Rh4 Kd5 76. Kf6 Kc5 77. Ke5 Kc6 78. Rd4 Kc5
79. Rd1 Kc6 80. Rd2 Kc5 81. Rc2+ Kb6 82. Kd5 Kb5 83. Rb2+ Ka6 84. Kc5 Ka7 85.
Kc6 Ka8 86. Kc7 Ka7 87. Ra2# 1-0

[Event "ch-FRA Blitz Online Qual"]
[Site "Europe-Chess INT"]
[Date "2020.05.16"]
[Round "13"]
[White "Fardet, Elouan"]
[Black "Meillon, Judicael"]
[Result "1-0"]
[WhiteElo "2163"]
[BlackElo "2063"]
[WhiteFideId "45163596"]
[BlackFideId "36044288"]
[EventDate "2020.05.16"]

1. e4 e5 2. Nf3 d6 3. d4 Nd7 4. Bc4 Ngf6 5. dxe5 Nxe5 6. Nxe5 dxe5 7. Bxf7+ Kxf7
8. Qxd8 Bb4+ 9. Qd2 Bxd2+ 10. Nxd2 b6 11. b3 Bb7 12. f3 Rad8 13. Bb2 Rhe8 14.
Nc4 Kg8 15. Nxe5 Nd7 16. Nd3 Ba6 17. Rd1 Nf8 18. Kf2 Ne6 19. Rd2 Nf4 20. Rhd1
Nxd3+ 21. cxd3 Rd6 22. d4 Red8 23. Ba3 c5 24. d5 Bb7 25. Bb2 Kf7 26. Be5 R6d7
27. Bg3 a5 28. Re1 b5 29. Bh4 Rc8 30. Rc1 c4 31. bxc4 bxc4 32. Rc3 Rc5 33. Bg3
Ba6 34. Be5 g5 35. Bd4 Rc8 36. Rc1 h5 37. Bc3 Rc5 38. Rb1 Rd6 39. Rb8 a4 40. Bb4
c3 41. Rc2 Bd3 42. Bxc5 Bxc2 43. Bxd6 Bd3 44. Ba3 Kf6 45. Bc1 Ke5 46. a3 Kd4 47.
d6 c2 48. d7 g4 49. d8=Q+ Kc3 50. Rb4 Bc4 51. Bd2# 1-0

[Event "ch-FRA Blitz Online Qual"]
[Site "Europe-Chess INT"]
[Date "2020.05.16"]
[Round "13"]
[White "Djidjeli, Sarah"]
[Black "Jacquot, David"]
[Result "1-0"]
[WhiteElo "2074"]
[BlackElo "1830"]
[WhiteFideId "36067474"]
[BlackFideId "20624093"]
[EventDate "2020.05.16"]

1. e4 c5 2. Nf3 Nc6 3. Bb5 e6 4. O-O Be7 5. Re1 Qc7 6. c3 a6 7. Bf1 b6 8. d4
cxd4 9. cxd4 Bb7 10. d5 Ne5 11. Nc3 Nf6 12. Bf4 Nxf3+ 13. Qxf3 Qc8 14. d6 Bd8
15. Rac1 Qb8 16. Bd3 O-O 17. Qh3 b5 18. e5 h6 19. exf6 Bxf6 20. Qg3 Kh8 21. Rcd1
Qa7 22. Be3 Qb8 23. Bb1 b4 24. Na4 Bd5 25. Nb6 Ra7 26. Nxd5 exd5 27. Bxa7 Qxa7
28. Qd3 g6 29. Qxd5 Bxb2 30. Qd2 Bg7 31. Qxb4 a5 32. Qc4 a4 33. Qc7 Qa6 34. Qxd7
Qc4 35. Re8 Qg4 36. Rxf8+ Bxf8 37. Qxg4 1-0

[Event "ch-FRA Blitz Online Qual"]
[Site "Europe-Chess INT"]
[Date "2020.05.16"]
[Round "13"]
[White "Le Brech, Cyril"]
[Black "Geronimi, Jean-Thomas"]
[Result "1-0"]
[WhiteElo "1986"]
[BlackElo "1827"]
[WhiteFideId "20675186"]
[BlackFideId "36098515"]
[EventDate "2020.05.16"]

1. e4 c5 2. d4 cxd4 3. c3 dxc3 4. Nxc3 Nc6 5. f4 d6 6. Nf3 Bg4 7. Be3 Nf6 8. Bd3
e5 9. O-O Be7 10. h3 Bxf3 11. Qxf3 O-O 12. Rad1 exf4 13. Bxf4 Nd4 14. Qf2 Ne6
15. Be3 Nd7 16. Nd5 Ne5 17. Bb1 Rc8 18. b3 Bg5 19. Bxa7 Nc5 20. Bxc5 Rxc5 21.
Kh1 Be7 22. Qd2 Bg5 23. Qe2 Rc6 24. Bd3 Nxd3 25. Rxd3 Qc8 26. Rg3 Bh6 27. Ne7+
Kh8 28. Nxc8 Rfxc8 29. Rxf7 Rc1+ 30. Rf1 Rxf1+ 31. Qxf1 Rc1 32. Rf3 Rxf1+ 33.
Rxf1 Kg8 34. a4 g6 35. b4 Bd2 36. Rb1 b6 37. Kg1 Kf7 38. Kf2 Ke6 39. Ke2 Bc3 40.
Kd3 Be5 41. a5 bxa5 42. bxa5 d5 43. exd5+ Kxd5 44. a6 Bd4 45. Rb5+ Kc6 46. Kxd4
Kxb5 47. a7 1-0